Ethnic Politics in Colonial Sri Lanka 1927-1947 (Record no. 3063)
[ view plain ]
| 000 -LEADER | |
|---|---|
| fixed length control field | 006770000a22002050004500 |
| 003 - CONTROL NUMBER IDENTIFIER | |
| control field | LK-CoMWRAF |
| 005 - DATE AND TIME OF LATEST TRANSACTION | |
| control field | 20231115151229.0 |
| 008 - FIXED-LENGTH DATA ELEMENTS--GENERAL INFORMATION | |
| fixed length control field | 230817t1995 ||||| |||| 00| 0 eng d |
| 020 ## - INTERNATIONAL STANDARD BOOK NUMBER | |
| International Standard Book Number | 0706987918 |
| 040 ## - CATALOGING SOURCE | |
| Original cataloging agency | LK-CoMWRAF |
| Modifying agency | LK-CoMWRAF |
| Description conventions | LK-CoMWRAF |
| 041 ## - LANGUAGE CODE | |
| Language code of text/sound track or separate title | English |
| 082 ## - DEWEY DECIMAL CLASSIFICATION NUMBER | |
| Classification number | 954.9302 |
| Item number | WIC |
| 942 ## - ADDED ENTRY ELEMENTS (KOHA) | |
| Koha item type | Books |
| 100 ## - MAIN ENTRY--PERSONAL NAME | |
| Personal name | Wickramasinghe, Nira |
| 245 ## - TITLE STATEMENT | |
| Title | Ethnic Politics in Colonial Sri Lanka 1927-1947 |
| 260 ## - PUBLICATION, DISTRIBUTION, ETC. (IMPRINT) | |
| Place of publication, distribution, etc. | New Delhi: |
| Name of publisher, distributor, etc. | Vikas publishing House, |
| Date of publication, distribution, etc. | 1995 |
| 300 ## - PHYSICAL DESCRIPTION | |
| Extent | xxiii, 289 p. : map ; 22 cm. |
| Other physical details | Bibliography, glossary and index included |
| 650 ## - SUBJECT ADDED ENTRY--TOPICAL TERM | |
| Topical term or geographic name as entry element | POLITICAL CONDITIONS- history -- Sri Lanka |
| 650 ## - SUBJECT ADDED ENTRY--TOPICAL TERM | |
| Topical term or geographic name as entry element | Sri Lanka--Ethnic relations--Political aspects. |
| Withdrawn status | Lost status | Damaged status | Not for loan | Permanent Location | Current Location | Date acquired | Full call number | Barcode | Koha item type |
|---|---|---|---|---|---|---|---|---|---|
| Resource center, Muslim Women's Research And Action Forum | Resource center, Muslim Women's Research And Action Forum | 2023-08-17 | 954.9302 WIC | RAF3037 | Books |

